|
|
|
|
| LEADER |
00000cam a2200000 a 4500 |
| 001 |
vtls008324003 |
| 003 |
SK-MaSNL |
| 005 |
20260302074322.0 |
| 008 |
240318s1956 xo g 001 0 slo |
| 015 |
|
|
|a SNBA1956/06-00803
|
| 020 |
|
|
|q (viazané)
|
| 035 |
|
|
|a SK01SNK19560016220
|
| 035 |
|
|
|a urn:nbn:sk:snk-am3i7ah
|
| 035 |
|
|
|a B51FC23F-30D9-44EA-B202-3ACD9DEDB9CB
|
| 035 |
|
|
|a urn:nbn:sk:snk-am00dqwq
|
| 035 |
|
|
|a SKM000018683
|
| 040 |
|
|
|a SNK
|b slo
|c SNK
|e AACR2
|
| 041 |
0 |
|
|a slo
|
| 044 |
|
|
|a xo
|c SK
|
| 072 |
|
7 |
|a 821.162.4.09
|x Slovenská literatúra (o nej)
|2 konspekt
|
| 080 |
|
|
|a 821.162.4
|2 2011
|
| 080 |
|
|
|a 82-95
|2 2011
|
| 080 |
|
|
|a (048.8)
|2 2011
|
| 080 |
|
|
|a (046)
|2 2011
|
| 100 |
1 |
|
|a Vajanský, Svetozár Hurban,
|d 1847-1916
|4 aut
|9 110614
|
| 245 |
1 |
0 |
|a State o slovenskej literatúre
|c Svetozár Hurban Vajanský ; [zredigoval, text pripravil, poznámky napísal a menný register zostavil Cyril Kraus ; úvod napísal Andrej Mráz]
|
| 250 |
|
|
|a 1. vydanie
|
| 260 |
|
|
|a Bratislava
|b Slovenské vydavateľstvo krásnej literatúry
|c 1956
|
| 300 |
|
|
|a 580, [3] s.
|c 21 cm
|
| 366 |
|
|
|e 3300 kusov
|
| 490 |
1 |
|
|a Otázky umenia
|
| 504 |
|
|
|a Obsahuje bibliografické odkazy ; poznámky ; menný register
|
| 650 |
0 |
7 |
|a slovenská literatúra
|2 SNKPH
|9 1115
|
| 650 |
0 |
7 |
|a literárna kritika
|2 SNKPH
|9 1138
|
| 650 |
0 |
7 |
|a Slovak literature
|2 SNKPHeng
|9 265073
|
| 650 |
0 |
7 |
|a Literary criticism
|2 SNKPHeng
|9 265138
|
| 655 |
|
7 |
|a štúdie
|2 SNKPH
|9 57033
|
| 655 |
|
7 |
|a články
|2 SNKPH
|9 70601
|
| 655 |
|
7 |
|a Studies
|2 SNKPHeng
|9 265573
|
| 655 |
|
7 |
|a Journal articles
|2 SNKPHeng
|9 279737
|
| 700 |
1 |
|
|a Kraus, Cyril,
|d 1928-2012
|4 oth
|9 14532
|
| 700 |
1 |
|
|a Mráz, Andrej,
|d 1904-1964
|4 aui
|9 101700
|
| 700 |
1 |
|
|a Kosová-Kolečányi, Mária,
|d 1918-1985
|4 dnr
|9 120029
|
| 830 |
|
0 |
|a Otázky umenia
|9 304650
|
| 852 |
|
|
|a Slovenská národná knižnica v Martine
|b 10000
|h SC 7978
|
| 852 |
|
|
|a Slovenská národná knižnica v Martine
|b 10000
|h SC 7978 D1
|
| 852 |
|
|
|a Štátna vedecká knižnica v Banskej Bystrici
|
| 958 |
|
|
|a TL
|
| 958 |
|
|
|a LX
|
| 958 |
|
|
|a NB
|
| 999 |
|
|
|c 1164575
|d 1166505
|
| 952 |
|
|
|a SNK
|b SNK
|y PREZ
|7 0
|p 17A0789457
|o snkSC 7978
|i snkKSP 1826/56
|0 0
|1 0
|4 0
|d 2012-03-05
|f 1
|l 0
|r 2025-07-04 00:00:00
|w 2026-02-24
|
| 952 |
|
|
|t P60, <04>, [BOOK], {604}
|a SNK
|b SNK
|y VYP
|7 0
|p 17A0030419
|o snkSC 7978 D1
|0 0
|1 0
|4 0
|d 1997-01-07
|l 0
|r 2005-01-01 00:00:00
|w 2026-02-24
|